| Tag |
First Indicator |
Second Indicator |
Subfields |
| LEADER |
00000cam a22000001a 4500 |
| 001 |
in00003791821 |
| 005 |
20190408183615.0 |
| 006 |
m o d f |
| 007 |
cr bn mmmapmmp |
| 008 |
040322s1911 dcu o f000 0 eng d |
| 035 |
|
|
|a ebd1910405966
|
| 040 |
|
|
|a UMI
|c UMI
|d UtOrBLW
|
| 086 |
0 |
|
|a I 28.3:12
|
| 099 |
|
|
|a I28.3-12.D
|
| 245 |
0 |
0 |
|a Apparatus and methods for sampling and analysis of furnace gases.
|
| 264 |
|
1 |
|a Washington :
|b U.S. GPO,
|c 1911.
|
| 300 |
|
|
|a 1 online resource (22 pages)
|
| 336 |
|
|
|a text
|b txt
|2 rdacontent
|
| 337 |
|
|
|a computer
|b c
|2 rdamedia
|
| 338 |
|
|
|a online resource
|b cr
|2 rdacarrier
|
| 490 |
0 |
|
|a Mines Bur. Bull. No. 12
|
| 500 |
|
|
|a Record is based on bibliographic data in ProQuest U.S. Executive Branch Documents, 1910-1932. Reuse except for individual research requires license from ProQuest, LLC.
|
| 533 |
|
|
|a Electronic reproduction.
|b [Bethesda, Md.] :
|c ProQuest,
|d 2012.
|e digital, PDF file.
|n ProQuest U.S. Executive Branch Documents, 1910-1932.
|n Mode of access: World Wide Web via ProQuest website.
|
| 538 |
|
|
|a System requirements: PDF reader software.
|
| 500 |
|
|
|a Electronic resource.
|
| 650 |
|
0 |
|a Furnaces.
|0 http://id.loc.gov/authorities/subjects/sh85052511
|
| 650 |
|
0 |
|a Gases.
|0 http://id.loc.gov/authorities/subjects/sh85053380
|
| 650 |
|
0 |
|a Scientific apparatus and instruments.
|0 http://id.loc.gov/authorities/subjects/sh85118677
|
| 655 |
|
7 |
|a Electronic books.
|2 local
|
| 700 |
1 |
|
|a Frazer, J. C. W.
|q (Joseph Christie Whitney),
|d 1875-1944.
|0 http://id.loc.gov/authorities/names/nr2003013867
|
| 710 |
1 |
|
|a United States.
|b Bureau of Mines.
|0 http://id.loc.gov/authorities/names/n79063444
|
| 776 |
1 |
8 |
|i Microfiche version:
|t Apparatus and methods for sampling and analysis of furnace gases
|o CIS US Exec MF I28.3-12.D
|w (ProQuest)cis19142709
|
| 856 |
4 |
0 |
|u http://proxy.library.tamu.edu/login?url=http://congressional.proquest.com/congressional/docview/t66.d71.i28.3-12.D
|z Connect to the full text of this electronic document
|t 0
|
| 999 |
f |
f |
|s 3788c5ac-b738-315d-89b1-80c8354a5737
|i 67d0d166-706f-3921-b071-4eaa292a0256
|t 0
|
| 952 |
f |
f |
|a Texas A&M University
|b College Station
|c Electronic Resources
|d Available Online
|t 0
|h No information provided
|
| 998 |
f |
f |
|t 0
|l Available Online
|